000 00394nam a2200157 a 4500
005 20140412111257.0
008 130430s19uu xx 00 eng d
020 _a068982646x
050 _aTR(PS E
_bTo55 2000
100 _aSzekeres, Cyndy
245 _aToby's Silly faces/.
260 _aNew York :
_bLittle Simon,
_c2000.
300 _a24 unp.
650 _aFace-
_xkinds
999 _c103253
_d103253